| 000 | 02258nam a2200265 a 4500 | ||
|---|---|---|---|
| 001 | 000013994 | ||
| 005 | 20251120073732.0 | ||
| 008 | 091202s1982 dr 001 0 spa d | ||
| 040 |
_aDO-SdBNP _bspa _cBNPHU |
||
| 082 |
_aRD864.44 _bR789e, 1982 |
||
| 100 | 1 |
_aRosario Candelier, Bruno, _d1941- _9851 |
|
| 245 | 1 | 0 |
_aEnsayos críticos : _banálisis de textos dominicanos contemporáneos / _cBruno Rosario Candelier. |
| 260 |
_aSantiago de los Caballeros, República Dominicana : _bUCMM, _c1982. |
||
| 300 |
_a301 p ; _c22 cm. |
||
| 490 | 1 | _aEstudio | |
| 500 | _aIncluye datos biográficos del autor en la contracubierta. | ||
| 505 | 0 |
_gIntroducción -- _tI.- La naturaleza de la literatura -- _tLa crítica literaria -- _tProblemas de la interpretación literaria -- _tLa literatura comprometida -- _tLiteratura, ideología y sociedad -- _tMovimientos estéticos y dialéctica literaria -- _tCrítica, gusto y objetividad -- _tCrítica, teoría y creación -- _tLenguaje, poesía y creación -- _tLenguaje primario vs. metalenguaje -- _tSignificado y significante -- _tArte, lenguaje y ocultación -- _tProblemas lingüísticos del escritor -- _tEntre tradición y novedad -- _tII.- La poesía de Emilio García-Godoy -- _t"Melancolía" un poema de Moreno Jimenes -- _tEn torno a Yelidá, de Tomás Hernández Franco -- _tEl reclamo profundo de Manuel del Cabral -- _tHay un país en el mundo (Evocación de Pedro Mir) -- _tSwain o la observación creadora en Aída Cartagena -- _tPor los Mares de la Dama, de Manuel Rueda -- _tLa visión trascendente en Banquetes de aflicción -- _tEnrique Eusebio: consignas y subvenciones -- _tLa mujer de Juan Bosch -- _tTon, terror de clase y expresión -- _tEl oro y la paz, de Juan Bosch -- _tSignificación de Juego de Dominó de Manuel Mora Serrano -- _tTécnica y temática en "Escalera para Electra" -- _tCrítica y teoría de Diógenes Céspedes (a propósito de Escritos críticos). |
|
| 590 | _aInventariado, 2019/VM | ||
| 650 | 0 |
_aEnsayos dominicanos _965 |
|
| 650 | 4 |
_aLiteratura dominicana _xHistoria y crítica _9159 |
|
| 650 | 4 |
_aAutores dominicanos _xCrítica e interpretación _9158 |
|
| 710 | 2 |
_aPontificia Universidad Católica Madre y Maestra _9843 |
|
| 830 | 0 |
_aEstudio _911006 |
|
| 910 | _aValidado. Control de calidad EMS | ||
| 999 |
_c13598 _d13598 |
||